000 01062cam a22002295a 4500
001 L143617
002 17379
008 080521s2008 xxk f s 001 0 eng d
020 _a9781904829782
035 _a(Sirsi) u143617
041 0 _aeng
050 0 4 _a690.23 $2 18
110 2 _aBuilding Cost Information Service
_91096
245 0 0 _aBCIS Civil Engineering Price Book 2008
260 _aLondon
_bBCIS
_c2008
300 _a413p.
_c26cm.
520 _aProvides up-to-date cost data aimed at contractors, engineers and surveyors involved in financial management of civil engineering projects. The data is vital when preparing early cost estimates and developing cost plans and estimates during project procurement and delivery. Facilitates the agreement of new rates when variations occur and the assessment of costs where claims are raised. Covers typical build up of costs, labour resources, plant resources, material resources and unit rates.
590 _aKA
651 4 _aUnited Kingdom
_y
690 _aBUILT ENVIRONMENT-BUILDING COSTS
942 _n0
999 _c108230
_d108230